ბათუმის შოთა რუსთაველის სახელმწიფო უნივერსიტეტის ბიბლიოთეკა

სტრატეგიული მარკეტინგის საფუძვლები (ბიბ.ჩანაწერი № 50657)

000 -LEADER
fixed length control field 00846nam a2200229Ia 4500
001 - CONTROL NUMBER
control field 17608
003 - CONTROL NUMBER IDENTIFIER
control field GE_BSU
008 - FIXED-LENGTH DATA ELEMENTS--GENERAL INFORMATION
fixed length control field 181216s||||||||xx |||||||||||||| ||und||
020 ## - INTERNATIONAL STANDARD BOOK NUMBER
International Standard Book Number ISBN 978-9941-9301-3-3
040 ## - CATALOGING SOURCE
Transcribing agency GE_BSU
245 ## - TITLE STATEMENT
Title სტრატეგიული მარკეტინგის საფუძვლები
245 ## - TITLE STATEMENT
Remainder of title სახელმძღვანელო
245 ## - TITLE STATEMENT
Statement of responsibility, etc. შემდგ. ვაჟა ანანიძე ; რედ. მ. კობალავა.
260 ## - PUBLICATION, DISTRIBUTION, ETC.
Place of publication, distribution, etc. თბილისი
260 ## - PUBLICATION, DISTRIBUTION, ETC.
Name of publisher, distributor, etc. ემ-პი-ჯი
260 ## - PUBLICATION, DISTRIBUTION, ETC.
Date of publication, distribution, etc. 2013
300 ## - PHYSICAL DESCRIPTION
Extent 216 გვ, 20სმ.
300 ## - PHYSICAL DESCRIPTION
Other physical details ბიბლიოგრ.: გვ. 216
653 ## - INDEX TERM--UNCONTROLLED
Uncontrolled term ეკონომიკა
653 ## - INDEX TERM--UNCONTROLLED
Uncontrolled term მარკეტინგი - სახელმძღვანელოები
942 ## - ADDED ENTRY ELEMENTS (KOHA)
Koha item type წიგნი

არაა ხელმისაწვდომი ეგზემპლარები.